000 00800nam a2200253Ia 4500
003 OSt
005 20221005055351.0
006 a|||||r|||| 00| 0
007 ta
008 221004b |||||||| |||| 00| 0 eng d
020 _a9780262561464 (pbk)
_c861.48
024 _a98917
037 _b1855/PBD/09/10, 29/10/2009, Pioneer Books Distributors
_cTextual
040 _aCRL
_cCRL
_beng
041 _2eng
_aeng
082 _aS:4, P1
100 _aFodor Jerry
245 0 _aMind doesn't work that way
_b Scope and limits of computational psychology
260 _aLondon
_bMIT Press UK
_c2001
300 _axi,126p.
_ccm.
650 _aPSYCHOLOGY
942 _hS:4, P1
_cTEXL
_2cc
999 _c964988
_d964988